[Event "7th Sinquefield Cup GCT 2019"]
[Site "Saint Louis"]
[Date "2019.08.25"]
[Round "8.5"]
[White "Nakamura, Hikaru"]
[Black "So, Wesley"]
[Result "1/2-1/2"]
[WhiteElo "2743"]
[BlackElo "2776"]
[Annotator "TA"]
[PlyCount "58"]
[EventDate "2019.08.17"]
[EventType "tourn"]
[EventCountry "USA"]
[SourceTitle "playchess.com"]
[Source "ChessBase"]
[SourceQuality "1"]

{[%evp 13,58,11,16,0,0,12,11,0,15,18,20,25,8,0,0,-2,23,21,18,18,18,26,16,0,0,0,0,0,0,0,0,0,0,0,0,0,0,0,0,0,0,0,0,0,0,0,0]} 1. d4 Nf6 2. c4 e6 3. Nf3 d5 4. Nc3 Be7 5. Bf4 O-O 6. e3 b6 7. Rc1 Bb7 8. cxd5 {D37: Queen's Gambit Declined: 5 Bf4} Nxd5 9. Nxd5 Qxd5 10. a3 c5 11. Bc4 Qd8 12. O-O Bf6 $146 ({Predecessor:} 12... Nd7 13. dxc5 bxc5 14. Qe2 Nf6 15. Ne5 Qb6 {1-0 (53) Lupulescu,C (2643)-Szabo,G (2548) Calimanesti 2014}) 13. dxc5 (13. Ne5 {is more complex.} Nc6 14. Nxc6 Bxc6 15. Bd3 Qd7 16. Qc2) 13... Bxb2 14. Rb1 Qxd1 15. Rfxd1 Bxa3 16. Bd6 Bxf3 17. gxf3 Rc8 18. cxb6 {The position is equal.} axb6 19. Bxa3 Rxa3 20. Rxb6 Rc3 21. Rbd6 {[#] White wants to mate with Rd8+.} Kf8 22. Rd8+ Rxd8 23. Rxd8+ Ke7 24. Rxb8 {Strongly threatening Bf1.} Rxc4 $11 {KR-KR} 25. f4 Rc7 26. Ra8 Rd7 27. Rb8 Rc7 28. Ra8 Rd7 29. Rb8 Rc7 {Accuracy: White = 86%, Black = 68%.} 1/2-1/2

[Event "7th Sinquefield Cup GCT 2019"]
[Site "Saint Louis"]
[Date "2019.08.25"]
[Round "8.6"]
[White "Mamedyarov, Shakhriyar"]
[Black "Giri, Anish"]
[Result "1/2-1/2"]
[WhiteElo "2764"]
[BlackElo "2779"]
[Annotator "TA"]
[PlyCount "57"]
[EventDate "2019.08.17"]
[EventType "tourn"]
[EventCountry "USA"]
[SourceTitle "playchess.com"]
[Source "ChessBase"]
[SourceQuality "1"]

{[%evp 13,57,22,33,20,27,27,27,10,13,25,32,41,34,41,27,21,2,0,0,0,0,0,0,-6,-2,-25,0,0,0,0,-18,-101,0,0,0,0,0,0,0,0,0,0,0,0,0,0]} 1. d4 d5 2. c4 c6 3. Nc3 Nf6 4. Nf3 e6 5. Bg5 h6 6. Bxf6 Qxf6 7. e3 g6 8. Ne5 {D43: Semi-Slav: 5 Bg5 h6} (8. Be2 Bg7 9. O-O O-O 10. Rc1 Nd7 11. cxd5 exd5 12. b4 a6 13. a4 Qd6 14. b5 axb5 15. axb5 Nb6 {½-½ (45) Wojtaszek,R (2749)-Vitiugov,N (2709) Shenzhen 2018}) 8... Bg7 9. f4 Nd7 {[%cal Rd7e5]} 10. h4 $146 {White has an edge.} ({Predecessor:} 10. Qf3 Nxe5 11. fxe5 Qe7 12. O-O-O Bd7 13. e4 dxc4 14. Bxc4 Qb4 15. Qd3 O-O-O 16. Kb1 {½-½ (16) Cebrian Valverde,J (2137)-Moreno Gracia,D (2318) Aragon 2017}) 10... Qe7 11. Qc2 O-O 12. O-O-O Nxe5 13. fxe5 Bd7 14. g4 f6 15. Qxg6 {Threatens to win with Bd3.} fxe5 16. Bd3 {Qh7+ would kill now.} e4 17. Nxe4 $1 Be8 18. Nf6+ $1 Rxf6 19. Qh7+ Kf8 20. g5 hxg5 21. hxg5 Rf7 22. Qh3 {[#]} (22. Rhg1 $11 e5 23. g6) 22... Rd8 ({Don't play} 22... Qxg5 $6 23. Rdg1 $11) ({Black should play} 22... dxc4 $1 $17 23. Bxc4 c5 24. Bxe6 {[#]} cxd4 $1 {[%mdl 512]} 25. Bxf7 Bxf7 26. exd4 Qe4) 23. g6 $11 {The position is equal.} Rf6 {[#]} 24. Qh8+ $1 {[%mdl 512]} Bxh8 25. Rxh8+ Kg7 26. Rh7+ Kf8 {And now ...Qb4 would win.} 27. Rh8+ Kg7 28. Rh7+ Kf8 {aiming for ...Qb4.} 29. Rh8+ {Accuracy: White = 56%, Black = 79%.} 1/2-1/2

[Event "7th Sinquefield Cup GCT 2019"]
[Site "Saint Louis"]
[Date "2019.08.26"]
[Round "9.2"]
[White "Anand, Viswanathan"]
[Black "Mamedyarov, Shakhriyar"]
[Result "1/2-1/2"]
[WhiteElo "2756"]
[BlackElo "2764"]
[Annotator "TA"]
[PlyCount "93"]
[EventDate "2019.08.17"]
[EventType "tourn"]
[EventCountry "USA"]
[SourceTitle "playchess.com"]
[Source "ChessBase"]
[SourceQuality "1"]

{[%evp 12,93,17,4,12,12,11,0,18,0,47,62,41,48,75,74,75,65,70,67,60,63,101,101,100,105,172,106,110,91,134,107,123,97,135,84,75,74,83,79,82,70,79,22,72,61,61,35,88,100,89,93,96,63,63,63,68,70,61,69,73,31,45,8,66,67,62,45,77,75,77,0,0,0,0,0,0,0,0,0,0,0,0,0]} 1. e4 e5 2. Nf3 Nc6 3. Bc4 Bc5 4. c3 Nf6 5. d3 d6 6. O-O h6 7. Re1 O-O {C54: Giuoco Piano: 4 c3 Nf6, main lines with 5 d4 and 5 d3} 8. Nbd2 Ne7 9. d4 (9. h3 Ng6 10. Nf1 c6 11. d4 exd4 12. cxd4 Bb4 13. Bd2 Bxd2 14. N1xd2 d5 15. Bb3 dxe4 16. Nxe4 Nxe4 17. Rxe4 {½-½ (31) Anand,V (2764)-Mamedyarov,S (2765) Paris 2019}) 9... Bb6 10. a4 $146 {aiming for a5.} ({Predecessor:} 10. Bb3 exd4 11. cxd4 Ba5 12. Bc2 Bg4 13. a3 Nc6 {½-½ (41) Predke,A (2535)-Dubov,D (2644) Sochi 2016}) 10... c6 11. dxe5 Ng4 12. Rf1 $36 {[%mdl 2048] White has the initiative.} Nxe5 13. Nxe5 dxe5 14. Qh5 Qd6 15. Nf3 Bc7 16. Nh4 b5 17. axb5 cxb5 18. Bxb5 Bb7 {[#]} (18... Rb8 $16 {is a better defense.}) 19. Qe2 (19. Rd1 $1 $18 {[%cal Rd1d6]} Qf6 20. Rd7) 19... Bb6 20. Ba6 Bc6 21. Nf3 {[%cal Bh4f3,Bf3d2,Bd2e4][%mdl 32]} f5 22. Bd3 Rae8 23. exf5 ({Better is} 23. Nd2) 23... Nxf5 $16 24. Be4 Kh8 {With the idea ...Nd4.} 25. Nd2 Qe6 26. Kh1 Bd7 27. Bd3 (27. c4 $16) 27... e4 28. Nxe4 Bc6 {Hoping for ...Qg6.} 29. f3 Qe5 ({Black should play} 29... Qf7 $14) 30. Bd2 Bc7 {[%csl Gc7][%cal Re5h2] [#]} 31. g3 $1 {Threatens to win with Bf4.} Bxe4 32. Qxe4 ({Weaker is} 32. fxe4 Nxg3+ 33. hxg3 Qxg3 $17) 32... Qd6 33. Bf4 Qd7 34. Qb7 Qxd3 35. Qxc7 Re2 {Black wants to play ...Qc2.} 36. Qc5 Rfe8 37. Rf2 a5 (37... Kg8 $11) 38. Raf1 $1 $14 Rxb2 39. Kg2 Ree2 40. Qxa5 Kh7 41. h4 ({White should try} 41. Qc5 $16) 41... Ne3+ $11 {The position is equal.} 42. Bxe3 $1 Qxe3 43. Qf5+ Kh8 {[%cal Re2f2]} 44. Qf8+ Kh7 {[%cal Re2f2]} 45. Qf5+ Kh8 {[%cal Re2f2]} 46. Qf8+ Kh7 47. Qf5+ {Accuracy: White = 61%, Black = 54%.} 1/2-1/2

[Event "7th Sinquefield Cup GCT 2019"]
[Site "Saint Louis"]
[Date "2019.08.26"]
[Round "9.3"]
[White "So, Wesley"]
[Black "Nepomniachtchi, Ian"]
[Result "0-1"]
[WhiteElo "2776"]
[BlackElo "2774"]
[Annotator "TA"]
[PlyCount "150"]
[EventDate "2019.08.17"]
[EventType "tourn"]
[EventCountry "USA"]
[SourceTitle "playchess.com"]
[Source "ChessBase"]
[SourceQuality "1"]

{[%evp 17,264,16,16,0,0,16,16,5,30,23,29,7,15,26,17,0,0,3,0,10,8,7,0,10,13,0,0,0,22,22,27,23,92,42,55,0,0,0,0,0,0,0,0,-8,0,0,0,0,-2,-8,-8,-16,-6,-34,-23,-31,-27,-27,-24,-28,-27,-27,-29,-28,-20,-73,-28,-17,0,0,-4,-8,0,0,0,0,0,0,0,0,0,0,0,0,0,-3,0,0,0,-15,-14,-57,0,0,0,0,0,0,0,0,0,0,0,0,0,0,0,0,0,0,0,0,0,0,0,0,0,0,0,-128,0,0,0,0,0,0,0,0,0,0,0,0,0,0,0,0,0,-2,-7,0,0,0,0,0,0,0,0,-104,0,0,0,0,0,0,0,0,0,0,0,0,0,-8,-8,-6,-8,-8,-7,-6,-8,-8,-8,-44,-35,-62,-41,-57,-33,-40,-40,-104,-104,-121,-141,-184,-126,-111,-104,-125,-125,-215,-214,-219,-193,-561,-144,-189,-150,-215,-139,-147,-193,-193,-186,-399,-312,-347,-352,-1020,-1013,-944,-575,-571,-554,-545,-548,-546,-534,-528,-526,-485,-457,-413,-397,-396,-302,-293,-439,-358,-154,-164,-188,-2375,-1712,-646,-2735,-12794,-11443,-5370,-1635,-1514,-1821,-29979,-29980,-29979,-29981,-29982,-29983,-29979,-29979]} 1. Nf3 c5 2. c4 Nc6 3. Nc3 g6 4. e3 Nf6 5. d4 cxd4 6. exd4 d5 7. cxd5 Nxd5 8. Qb3 e6 9. Bb5 Bg7 10. O-O {A35: Symmetrical English: 2 Nc3 Nc6 3 Nf3} O-O 11. Bxc6 bxc6 12. Na4 $146 {The position is equal.} (12. Re1 Qc7 13. h3 Rb8 14. Qd1 Rd8 15. Ne4 h6 16. Bd2 Kh7 17. Rb1 Rb5 {1-0 (78) Cheparinov,I (2709)-Alekseev,E (2639) St Petersburg 2018}) 12... Qd6 13. Re1 Rb8 14. Qd1 Ne7 15. b3 Nf5 {[%cal Rf5d4]} 16. Bb2 Rd8 {[%cal Rf5d4]} 17. Qc2 Nxd4 ({Reject} 17... Bxd4 18. Rad1 $16) 18. Bxd4 Bxd4 19. Nxd4 Qxd4 20. Rad1 Qf6 21. Rxd8+ (21. h3 {looks sharper.} Rb4 22. Qxc6 Bb7 23. Qc3 Rbd4 24. Rxd4 Qxd4 25. Qxd4 Rxd4 26. Rc1) 21... Qxd8 22. Rd1 Qe8 23. h3 e5 24. Qc5 a6 (24... Rb7 $11) 25. Qa5 Kg7 26. Rd8 (26. Nc3 $14) 26... Qe7 $11 27. Nb6 Qxd8 28. Qxe5+ Qf6 29. Qxb8 Be6 30. Qg3 h5 31. Na4 Qa1+ 32. Kh2 Qxa2 33. Nc5 Qe2 34. Qc3+ Kg8 35. Qd4 Bd5 36. Nd7 Qe6 37. Nf6+ Kf8 38. b4 $1 Qd6+ 39. Kg1 Ke7 40. Ng8+ Ke6 41. Qf6+ Kd7 42. Qd4 Qb8 43. Nf6+ {[%mdl 64] Double Attack} Ke6 {...Qe5 is the strong threat.} 44. Ne4 {Black must now prevent Qf6+.} Bxe4 (44... Qf4 {with more complications.} 45. Nc5+ Kf5 46. Qd3+ Kf6 47. Qc3+ Ke7) 45. Qxe4+ {[%mdl 4096] Endgame KQ-KQ} Kd7 46. Qc4 Qe8 47. Qd4+ Kc8 48. Qb6 Qe1+ 49. Kh2 Qe5+ 50. g3 Qb5 51. Qa7 Qb7 52. Qc5 {With the idea Qf8+.} Qc7 53. h4 Kb7 54. Qf8 Qd7 (54... a5 $1 $15 55. bxa5 c5) 55. Kg1 Qd5 56. Kh2 Kc7 57. Kg1 Kd7 58. Kh2 Qc4 59. Kg1 Qe6 60. Qc5 Qe2 61. Qd4+ Ke6 62. Qc5 Qb5 63. Qe3+ Kf6 64. Qc3+ Ke7 65. Qd4 Ke6 66. Qe3+ Kd7 67. Qa7+ Ke8 68. Qd4 (68. Qe3+ $11 {keeps the balance.} Kf8 69. Qc3) 68... Qd5 ({Black should play} 68... a5 $1 $17 {[%cal Ra5b4]} 69. Qe3+ Kf8 70. bxa5 Qxa5) 69. Qb6 Qc4 70. Qb8+ Ke7 71. Qe5+ Kd7 72. Qb8 Ke6 73. Qe8+ Kf5 74. Qe7 Qd5 75. Qe2 {[#]} Qb3 {Played: Qd5-b5} 0-1

[Event "7th Sinquefield Cup GCT 2019"]
[Site "Saint Louis"]
[Date "2019.08.26"]
[Round "9.4"]
[White "Giri, Anish"]
[Black "Karjakin, Sergey"]
[Result "1/2-1/2"]
[WhiteElo "2779"]
[BlackElo "2750"]
[Annotator "TA"]
[PlyCount "88"]
[EventDate "2019.08.17"]
[EventType "tourn"]
[EventCountry "USA"]
[SourceTitle "playchess.com"]
[Source "ChessBase"]
[SourceQuality "1"]

{[%evp 10,88,11,-16,10,15,18,29,38,38,36,34,26,37,50,22,81,75,78,71,67,70,63,54,56,50,52,27,24,11,19,8,29,22,22,27,17,0,33,31,50,40,67,42,66,38,46,35,54,34,21,12,54,35,57,0,0,0,68,54,69,69,61,54,60,60,69,69,69,54,70,54,54,54,54,0,54,0,54,0,54]} 1. c4 Nf6 2. Nc3 e5 3. Nf3 Nc6 4. g3 Bb4 5. Bg2 O-O 6. Nd5 Bc5 {A29: English Opening: Four Knights Variation with 4 g3} 7. b4 (7. O-O d6 8. e3 Bg4 9. h3 Bh5 10. d3 a5 11. Nc3 h6 12. b3 Re8 13. Bb2 Qd7 14. a3 Ba7 15. Kh2 Nd8 16. Ne2 Bxf3 17. Bxf3 {½-½ (123) Inarkiev,E (2693)-Efimenko,Z (2636) Antalya 2017}) 7... Nxb4 $146 ({Predecessor:} 7... Nxd5 8. bxc5 Ndb4 9. d3 Qe7 10. Rb1 e4 11. dxe4 Qxe4 12. Bf4 Qxc4 13. O-O Nxa2 14. Rb2 {1-0 (24) Toby,A-Gutsche,K Dieren 1982}) 8. Nxb4 Bxb4 {White has an edge.} 9. Nxe5 d5 10. cxd5 Nxd5 11. O-O Be6 12. Rb1 a5 (12... Bd6 $11 {remains equal.} 13. Nc4 Rb8) 13. a3 $16 Bd6 14. Nf3 Nb6 15. Qc2 Re8 16. h4 h6 17. Nd4 Bc8 18. Nf5 Bf8 ({But not} 18... Rxe2 19. Ne3 $16) 19. e4 Be6 20. d4 a4 21. d5 Bxf5 $1 22. exf5 Bd6 23. Bf3 Ra7 24. Kg2 Nd7 25. Rd1 Qe7 26. Rd4 Rea8 27. Re4 Qf8 28. Qc3 Re8 29. Rxe8 Qxe8 30. Bb2 {[%csl Gb2][%cal Rc3g7] [#]} Qf8 31. Re1 {aiming for Re8!} Ra8 32. Bd1 ({White should try} 32. Qd3 $14) 32... Nf6 $11 33. Qc4 b5 (33... Bxa3 $11 34. Bxf6 gxf6) 34. Qxb5 $14 {Qc6 is the strong threat.} Rb8 35. Qe2 $36 {[%mdl 2048] Black is under pressure.} Re8 36. Qd2 Rxe1 37. Qxe1 Bxa3 38. Bxf6 $1 gxf6 39. Bxa4 Qe7 40. Qxe7 (40. Qe3 {looks sharper.} Qxe3 41. fxe3 Kf8 42. e4 Ke7 43. Kf3) 40... Bxe7 41. Bb3 Bc5 42. Ba4 Be7 $1 43. Bb3 Bc5 $1 44. Ba4 Be7 $1 {Accuracy: White = 55%, Black = 56%.} 1/2-1/2

[Event "7th Sinquefield Cup GCT 2019"]
[Site "Saint Louis"]
[Date "2019.08.26"]
[Round "9.5"]
[White "Aronian, Levon"]
[Black "Carlsen, Magnus"]
[Result "1/2-1/2"]
[WhiteElo "2765"]
[BlackElo "2882"]
[Annotator "TA"]
[PlyCount "81"]
[EventDate "2019.08.17"]
[EventType "tourn"]
[EventCountry "USA"]
[SourceTitle "playchess.com"]
[Source "ChessBase"]
[SourceQuality "1"]

{[%evp 14,81,0,0,31,16,29,16,16,16,23,6,29,22,6,25,17,13,14,1,11,13,34,21,26,19,6,-70,-54,-71,0,0,5,8,11,12,19,0,0,-10,-9,-10,-4,0,0,0,-2,-11,0,0,0,0,0,0,0,0,0,0,0,0,0,0,0,0,0,0,0,0,0,0]} 1. e4 c5 2. Nf3 Nc6 3. Bb5 g6 4. c3 Nf6 5. Qe2 Bg7 6. O-O O-O 7. d4 cxd4 8. cxd4 d6 {B31: Sicilian: 2...Nc6 3 Bb5 g6} 9. h3 Nd7 $146 ({Predecessor:} 9... a6 10. Bxc6 bxc6 11. Nc3 a5 12. Re1 Nd7 13. Bg5 h6 14. Be3 Kh7 15. Rac1 Ba6 16. Qd2 c5 17. dxc5 Nxc5 18. Red1 Nd3 19. Rb1 {½-½ (47) Kantans,T (2478)-Mamedov,R (2709) chess.com INT 2018}) 10. Rd1 a6 11. Bxc6 bxc6 12. Be3 a5 13. Qc2 c5 14. Nc3 cxd4 15. Bxd4 Bb7 16. Bxg7 Kxg7 17. Nd4 Rc8 18. Qd2 Re8 19. Qe3 Qb6 20. e5 ({White should try} 20. Na4 $11 Qa6 21. Rac1) 20... dxe5 $15 21. Nb3 $1 Nc5 ({Black should play} 21... Qxe3 $17 22. fxe3 Nc5 23. Nxa5 Ba6) 22. Qxe5+ $11 {The position is equal.} Kg8 23. Qe3 Qc6 {[%csl Gb7][%cal Rc6g2] [#]} 24. Nd5 {Black must now prevent Rac1.} Nxb3 25. axb3 Qc5 26. Rac1 (26. Qe5 {is interesting.} Bxd5 27. Rxd5 Qb6 28. Rb5 Qf6 29. Rbxa5 Rb8 30. Re1) 26... Qxe3 27. Nxe3 Rxc1 28. Rxc1 {[%mdl 4096] Endgame KRB-KRN} Rb8 29. Rc5 {[#] Threatens to win with Rb5.} Bc8 30. Nd5 Be6 31. Nxe7+ Kf8 32. Nc6 Rxb3 33. Nd4 Rxb2 34. Nxe6+ fxe6 35. Rxa5 {KR-KR} h5 36. Ra6 Kf7 37. Ra5 $1 Rb1+ 38. Kh2 Rb2 39. Kg1 Rb1+ 40. Kh2 Rb2 41. Kg1 {Accuracy: White = 58%, Black = 70%.} 1/2-1/2

[Event "7th Sinquefield Cup GCT 2019"]
[Site "Saint Louis"]
[Date "2019.08.26"]
[Round "9.6"]
[White "Vachier-Lagrave, Maxime"]
[Black "Nakamura, Hikaru"]
[Result "1/2-1/2"]
[WhiteElo "2778"]
[BlackElo "2743"]
[Annotator "TA"]
[PlyCount "117"]
[EventDate "2019.08.17"]
[EventType "tourn"]
[EventCountry "USA"]
[SourceTitle "playchess.com"]
[Source "ChessBase"]
[SourceQuality "1"]

{[%evp 9,117,14,7,11,18,7,15,0,0,0,-1,0,0,0,0,0,0,0,0,0,0,-12,24,0,0,-28,0,0,0,0,87,15,25,19,29,22,17,14,63,54,80,71,77,81,68,30,42,42,38,25,42,12,29,24,28,31,19,0,12,9,20,0,0,0,0,0,0,0,20,14,12,8,10,0,35,8,29,2,8,0,0,0,0,0,0,0,0,0,0,0,0,0,0,0,0,0,0,0,0,0,0,0,0,0,0,-8,8,8,8,8]} 1. e4 c6 2. Nf3 d5 3. Nc3 Nf6 4. e5 Ne4 5. Ne2 Qb6 {[%csl Ge4][%cal Rb6f2]} 6. d4 {B11: Caro-Kann: Two Knights Variation} e6 7. Ng3 c5 8. Bd3 Nxg3 $1 9. fxg3 (9. hxg3 cxd4 10. Ng5 Nc6 11. Nxh7 Bd7 12. Qe2 O-O-O 13. O-O {0-1 (30) Mamedov,R (2703)-Piorun,K (2634) St Petersburg 2018}) 9... cxd4 10. O-O Nc6 11. Qe2 {Black should prevent Ng5.} h6 12. a3 Bd7 $146 ({Predecessor:} 12... a6 13. b4 {0-1 (66) Patel,A (2478)-Khamrakulov,D (2496) Saint Louis 2018}) 13. g4 Be7 14. b4 a6 15. Rb1 Na7 16. Bb2 Nb5 17. Qf2 {Hoping for a4.} Qc7 18. Nxd4 O-O 19. Ne2 f6 {[#]} (19... Na7 $11) 20. Qe3 (20. Qh4 $1 $16 {[%cal Re5f6]} Qd8 21. Qh5) 20... fxe5 $1 $11 21. Bxe5 Bd6 22. Bxd6 Nxd6 23. g5 Nf5 24. Bxf5 exf5 25. gxh6 Rae8 26. Qd2 Qb6+ 27. Nd4 (27. Rf2 {is more complex.} Qxh6 28. Qxd5+ Qe6 29. Qd2 Ba4 30. Nd4) 27... Qxh6 28. Qxh6 gxh6 29. Rf3 Re4 30. c3 Kg7 31. h3 h5 32. Rbf1 {[%cal Rd4f5]} Kg6 33. g3 Rc8 34. Kh2 b6 35. h4 {[%cal Rd4f5]} f4 36. gxf4 Bg4 37. Rd3 Kf6 38. Rf2 Re7 39. Nf3 Bf5 40. Rxd5 {Black must now prevent Nd4.} Rxc3 41. Ng5 Rc6 42. a4 {b5 is the strong threat.} Rec7 43. b5 axb5 {The position is equal.} 44. axb5 Rc2 45. Kg2 {With the idea Rd6+.} Rxf2+ 46. Kxf2 {[%mdl 4096] Endgame aiming for Rd6+. KRB-KRN} Rc2+ 47. Ke3 Rc3+ 48. Kd2 Rc2+ 49. Kd1 {And now Rxf5+! would win.} Rc4 50. Rd6+ Ke7 51. Rxb6 Rxf4 52. Rb7+ Bd7 53. Kd2 Rxh4 54. Ke3 Rb4 55. Ne4 Rxb5 56. Rxb5 Bxb5 57. Ng3 h4 58. Nf5+ {[%mdl 64] [#] Double Attack} Kf6 59. Nxh4 {Accuracy: White = 54%, Black = 66%.} 1/2-1/2

[Event "7th Sinquefield Cup GCT 2019"]
[Site "Saint Louis"]
[Date "2019.08.27"]
[Round "10.1"]
[White "Aronian, Levon"]
[Black "Ding, Liren"]
[Result "1/2-1/2"]
[WhiteElo "2765"]
[BlackElo "2805"]
[Annotator "TA"]
[PlyCount "85"]
[EventDate "2019.08.17"]
[EventType "tourn"]
[EventCountry "USA"]
[SourceTitle "playchess.com"]
[Source "ChessBase"]
[SourceQuality "1"]

{[%evp 14,85,29,27,24,32,22,22,28,25,28,20,23,5,29,16,25,30,45,47,51,52,47,29,52,38,45,43,51,58,53,41,42,41,54,24,42,32,32,18,22,28,32,31,29,28,27,0,0,0,0,0,0,0,-3,0,0,0,0,0,0,0,0,0,0,0,0,0,0,0,0,0,0,0]} 1. e4 e5 2. Nf3 Nc6 3. Bc4 Nf6 4. Ng5 d5 5. exd5 Na5 6. Bb5+ c6 7. dxc6 bxc6 8. Bd3 Nd5 {C58: Two Knights: 4 Ng5 d5 5 exd5 Na5 sidelines} 9. Nf3 Bd6 10. O-O Nf4 11. Nc3 {[%cal Bb1c3,Bc3e4,Be4g3,Bg3e2][%mdl 32]} Nxd3 12. cxd3 O-O 13. b3 $146 ({Predecessor:} 13. Ne4 c5 14. b3 Nc6 {½-½ (81) Zhigalko,S (2656)-Inarkiev,E (2660) Berlin 2015}) 13... c5 14. Ba3 Nc6 15. Ne4 Nb4 16. Bxb4 cxb4 17. Re1 Bb8 18. Ng3 Qxd3 19. Nxe5 Bxe5 20. Rxe5 Be6 21. Re3 Qd4 22. Ne2 Qd6 23. d4 a5 24. h4 Rfd8 25. Qd2 a4 {[#] Hoping for ...axb3.} 26. Rd1 axb3 27. axb3 Ra5 28. Rg3 Rf5 29. Ra1 Bd5 30. Qe3 h6 {The position is equal.} 31. Rg4 Rf6 32. Ng3 Qe6 33. Qxe6 Bxe6 34. Re4 Bxb3 {[#] Threatens to win with ...Rb6.} 35. d5 $1 {[%mdl 512]} Rb6 {aiming for ...Bc2.} (35... Bxd5 {feels hotter.} 36. Rxb4 Bc6 37. f3 Rd2 38. h5 Kh7) 36. Rb1 Bxd5 (36... f5 {is interesting.} 37. Rf4 Bc2 38. Rbxb4 Rxb4 39. Rxb4 Rxd5 40. f3 Rd1+) 37. Rexb4 Rxb4 38. Rxb4 $11 {KRB-KRN} Be6 39. f3 Ra8 40. Kh1 Rd8 41. Kg1 Ra8 42. Kh1 Rd8 43. Kg1 {Accuracy: White = 76%, Black = 74%.} 1/2-1/2

[Event "7th Sinquefield Cup GCT 2019"]
[Site "Saint Louis"]
[Date "2019.08.27"]
[Round "10.2"]
[White "Nepomniachtchi, Ian"]
[Black "Vachier-Lagrave, Maxime"]
[Result "0-1"]
[WhiteElo "2774"]
[BlackElo "2778"]
[Annotator "TA"]
[PlyCount "92"]
[EventDate "2019.08.17"]
[EventType "tourn"]
[EventCountry "USA"]
[SourceTitle "playchess.com"]
[Source "ChessBase"]
[SourceQuality "1"]

{[%evp 20,92,0,0,43,43,43,43,77,25,42,18,18,14,16,8,24,33,24,0,1,0,0,-202,-196,-191,-191,-177,-186,-185,-179,-179,-177,-176,-172,-185,-183,-180,-180,-184,-179,-177,-186,-180,-180,-177,-183,-173,-176,-170,-186,-184,-183,-190,-139,-205,-179,-205,-179,-197,-177,-235,-235,-235,-246,-294,-296,-318,-310,-312,-312,-312,-308,-492,-504]} 1. Nf3 c5 2. c4 Nf6 3. Nc3 d5 4. cxd5 Nxd5 5. e4 Nb4 6. Bb5+ N8c6 7. d4 cxd4 8. a3 dxc3 9. Qxd8+ Kxd8 10. axb4 cxb2 11. Bxb2 f6 {A34: Symmetrical English: 2 Nc3, lines with ...d5} 12. e5 {[%mdl 1024] White has compensation.} Bd7 13. Bc4 {[#] e6 is the strong threat.} e6 $146 {White is slightly better.} ({Predecessor:} 13... Nxb4 14. O-O Rc8 15. Bf7 Nd3 16. Bd4 fxe5 17. Bxe5 Rc5 18. Bd4 e5 19. Be3 {½-½ (31) Savchenko,S (2461)-Tomczak,J (2633) Germany 2018}) 14. O-O (14. exf6 $16 {Black must now prevent b5.} Bxb4+ 15. Ke2 gxf6 16. Bxf6+ {[%mdl 64] Double Attack} Kc7 17. Bxh8 Rxh8 18. Rhc1) 14... Be7 $11 15. b5 Nxe5 16. Bxe5 fxe5 17. Rfd1 Ke8 18. Nxe5 Bc8 $1 19. b6 {[#] aiming for Bb5+.} Bc5 $1 20. Bb5+ Ke7 21. Nd7 $2 (21. Nc6+ $11 bxc6 22. Bxc6) 21... Bd6 $19 {Threatens to win with ...a6.} 22. Rac1 {[#]} Rd8 $1 ({Much less strong is} 22... Bxd7 23. Bxd7 axb6 24. Bb5 $17) 23. Nc5 Bxc5 24. Rxd8 Kxd8 25. Rxc5 axb6 {[%mdl 4096] Endgame KRB-KRB} 26. Rc1 Ra5 27. Rb1 Bd7 28. Bd3 h6 29. Rxb6 Ra1+ 30. Bf1 Kc7 31. Rb2 b5 32. f3 Kb6 33. Kf2 Bc6 34. Bc4 e5 35. Bd3 Ra3 36. Bb1 Rc3 (36... Bd5 $19 37. Re2 Ra1 38. Rxe5 Bxf3 39. Re6+ Ka5) 37. Ke2 (37. Bh7 $17) 37... Rc4 38. Kd2 b4 39. Ba2 Rd4+ 40. Kc1 (40. Ke3 {is a better defense.}) 40... e4 41. fxe4 Rxe4 ({Resist} 41... Bxe4 42. Rf2) 42. g3 Bb5 43. Kd1 Kc5 44. Rf2 Bc4 45. Bb1 Re7 46. Kd2 (46. g4 {was called for.}) 46... Rf7 {Accuracy: White = 53%, Black = 84%.} 0-1

[Event "7th Sinquefield Cup GCT 2019"]
[Site "Saint Louis"]
[Date "2019.08.27"]
[Round "10.3"]
[White "Karjakin, Sergey"]
[Black "Anand, Viswanathan"]
[Result "1/2-1/2"]
[WhiteElo "2750"]
[BlackElo "2756"]
[Annotator "TA"]
[PlyCount "70"]
[EventDate "2019.08.17"]
[EventType "tourn"]
[EventCountry "USA"]
[SourceTitle "playchess.com"]
[Source "ChessBase"]
[SourceQuality "1"]

{[%evp 12,70,25,12,22,13,30,20,27,21,33,26,33,33,33,33,31,31,46,42,42,41,40,19,31,30,27,19,37,39,44,0,0,0,0,0,0,-39,-20,-35,0,0,0,0,0,0,0,0,0,0,0,0,0,0,0,0,0,0,0,0,0]} 1. d4 Nf6 2. c4 e6 3. Nf3 d5 4. Nc3 Be7 5. Bf4 O-O 6. e3 b6 7. Be2 Ba6 {D37: Queen's Gambit Declined: 5 Bf4} (7... dxc4 8. Bxc4 Ba6 9. Qe2 Bxc4 10. Qxc4 c5 11. O-O cxd4 12. Nxd4 Qc8 13. Qxc8 Rxc8 14. Rac1 Nbd7 15. Ncb5 {0-1 (44) Mamedyarov,S (2817)-Nakamura,H (2746) Kolkata 2018}) 8. cxd5 Nxd5 9. Nxd5 $146 ({Predecessor:} 9. O-O c5 10. Bxa6 Nxa6 11. Qe2 Qc8 12. Nxd5 exd5 13. Rac1 Qb7 14. dxc5 bxc5 15. Rfd1 {1-0 (66) Keymer,V (2466)-Matthiesen,M (2273) Helsingor 2018}) 9... Qxd5 10. Bxc7 Qa5+ 11. Kf1 $1 Bxe2+ 12. Qxe2 Nd7 13. h3 Rac8 14. Bg3 Rc6 15. Kg1 Rfc8 16. Kh2 Rc2 17. Qd3 g5 18. Rhb1 h5 19. Kg1 g4 20. hxg4 hxg4 21. Ne1 Rd2 $1 {[%cal Rd2d3]} 22. Qe4 Nf6 $1 {[%cal Rf6e4]} 23. Qb7 Re8 24. Rc1 Qf5 25. Rc7 ({Don't blunder} 25. Qxa7 $2 {[#]} Bd6 $1 $19 {[%mdl 512]}) 25... Bd6 {Hoping for ...Bxg3.} 26. Rxf7 {Threatens to win with e4.The position is equal.} Bxg3 27. Rg7+ {[#]} Kh8 $1 28. fxg3 Rf2 {( -> ...Rf1+)} 29. Nd3 Qxd3 30. Kxf2 {White wants to mate with Rh1+.} Ne4+ 31. Kg1 Qxe3+ 32. Kh1 Qh6+ 33. Kg1 Qe3+ 34. Kh1 {Intending Rh7+ and mate.} Qh6+ 35. Kg1 Qe3+ {Accuracy: White = 87%, Black = 75%.} 1/2-1/2